Je to už rok..

Bibliographic Details
Main Authors: Sagan, Françoise, 1935-2004 (Author), Z. S. (Author, Translator), Š.S (Author, gup)
Format: Article
Language:Slovak
Subjects:

MARC

LEADER 00000nab a2200000 a 4500
001 vtls000259726
003 SK-MaSNL
005 20260304000542.0
008 111130c1986 xo 0 slo
015 |a SNBRB19rr/mm-uuuuu 
035 |a CL0269840 
040 |a SNKBUCL  |b slo  |c SNKBUCL  |e AACR2 
041 0 |a slo 
044 |a xo  |c SK 
080 |a 840-3  |2 1981 
100 1 |a Sagan, Françoise,  |d 1935-2004  |4 aut  |9 175397 
245 1 0 |a Je to už rok..  |c Francoise Saganová ; Francoise Sagan, Z.S., Š.S., Z.S., Š.S. 
650 0 7 |a poviedky psychologické  |2 snkbucl  |9 893883 
655 7 |a články z novín a časopisov  |2 snkbucl  |9 267496 
655 7 |a články z odboru literárna veda a krásna literatúra  |2 snkbucl  |9 770045 
700 1 |a Sagan, Françoise,  |d 1935-2004  |4 aut  |9 175397 
700 1 |a Z. S.  |4 aut 
700 1 |a Š.S.  |4 aut  |9 470063 
700 1 |a Z. S.  |4 trl 
700 1 |a Š.S.  |4 gup  |9 470063 
773 0 |t Línia  |g Roč. 19, č. 3 (1986), s. príl. 28a 
850 |a Slovenská národná knižnica v Martine  |a MTA001 
852 |a SNK  |b KIS3GCP 
958 |a RK 
958 |a LX 
992 |a RBX 
999 |c 2531793  |d 2533723